| 000 | 00725nam a2200265Ia 4500 | ||
|---|---|---|---|
| 003 | OSt | ||
| 005 | 20221006141948.0 | ||
| 006 | a|||||r|||| 00| 0 | ||
| 007 | ta | ||
| 008 | 221006b |||||||| |||| 00| 0 jpn d | ||
| 020 | _cY100 | ||
| 024 | _a4,780 | ||
| 037 | _cTextual | ||
| 040 |
_aEASL _cEASL _bjpn |
||
| 041 |
_2jpn _ajpn |
||
| 082 | _aa42,141,N77, M1 | ||
| 100 |
_aKOKUBUNGAKU KENKYU SHIRYOKAN _9646608 |
||
| 245 | 0 | _aKokubungaku Kenkyu Shiryokanzo Chikuji Kankobutsu Mokuroku, 1981 | |
| 260 |
_aTokyo _bNill Japan _c1981 |
||
| 300 |
_a269p. _ccm. |
||
| 490 | _v BB | ||
| 650 | _aJL | ||
| 942 |
_ha42,141,N77, M1 _cTEXL _2CC |
||
| 999 |
_c1072866 _d1072866 |
||